01311nam a2200265Ia 450000100060000000300090000600800410001504000130005604000130006904100130008210000110009510000290010624500470013524500470018225000110022926000100024026000300025026000490028030000430032950005560037265000370092865000310096570000200099670000290101641393IT-RoPAU130308s9999 xx 000 0 und d aIT-RoPAU cIT-RoPAU aFRANCESE aAA.VV. gCodice Aut. SPICS: 12000 aEncyclopaedia Universalis-Universalia 1986 bEncyclopaedia Universalis-Universalia 1986 a1a ed. aPARIS bEncyclopaedia Universalis c1986 [1° Ed.:1986 - Ed.Ling.Originale:1986] a"672 p. (prefazione: no ; testo: 672)" aCultura Generale Avvenimenti Uomini e Problemi per Ogni Giorno del 1985 Fatti storici politiche Linguistiche Francia e Multilinguismo Europa della Cultura Difesa strategica o Guerra Stellare liberalismo temi e Problemi dei Dingoli Stati Modellismo Design Contemporaneo Cultura e Opere Culturali Archeologia Architettura Arti plastiche Arti visive Etnomusicologia Storia Letteraria Letteratura Musica Teatro Scienze scultura Fatti Culturali Film libri Esposizioni Note biografiche e Opere di Personaggi Deceduti nel 1985 ritratti di Personaggi Celebri aENCICLOPEDIE DI CULTURA GENERALE eCodice materia Spics: 1001 aBersani Jacques gCodice Aut. SPICS: 12662